Goa through the ages Vol. II An economic history (Record no. 8296)

000 -LEADER
fixed length control field 00293nam a2200109Ia 4500
008 - FIXED-LENGTH DATA ELEMENTS--GENERAL INFORMATION
fixed length control field 201223s9999 xx 000 0 und d
100 ## - MAIN ENTRY--PERSONAL NAME
Personal name R de Souza, Teotonio
245 #0 - TITLE STATEMENT
Title Goa through the ages Vol. II An economic history
260 ## - PUBLICATION, DISTRIBUTION, ETC.
Place of publication, distribution, etc. New Delhi
Name of publisher, distributor, etc. Concept Publishing
300 ## - PHYSICAL DESCRIPTION
Extent 312
942 ## - ADDED ENTRY ELEMENTS (KOHA)
Koha item type Books
Holdings
Withdrawn status Lost status Damaged status Not for loan Permanent Location Date acquired Date last seen Price effective from Koha item type Full call number Barcode
        IMU Kolkata 2020-12-23 2020-12-23 2020-12-23 Books    
          2020-12-23 2020-12-23 2020-12-23 Books 915.478 S7293 PM03584
Designed and Maintained by IMU-KC Library, Kolkata Campus © Copyright All Rights Reserved

webs counters

Powered by Koha